000 01056nam a2200253Ia 4500
003 OSt
005 20220923213326.0
006 a|||||r|||| 00| 0
007 ta
008 220922b |||||||| |||| 00| 0 hin d
024 _a160,842
037 _cTextual
040 _aARTS
_cARTS
_bhin
041 _2hin
_ahin
082 _aO152,2:gN, K8
100 _aरस्तोगी, गिरीश
_9156369
245 0 _aआधुनिक हिन्दी नांटक
_b आधुनिक हिन्दी नाटक का संगीत के संदर्भ में विशिष्ट अघ्ययन
246 _aĀdhunik hindī nāanṭaka: ādhunik hindī nāṭak kā sangīt ke sandarbha mean vishiṣhṭa aghyayana
260 _aकानपुर
_b ग्रंथम प्रकाशन
_c1968
300 _a407 पृ.
_ccm.
650 _aहिन्दी साहित्य
_9156264
942 _hO152,2:gN, K8
_cTEXL
_2CC
999 _c315520
_d315520